Štýl vedenia ľudí v pracovnej skupine, spokojnosť a výkonnosť zamestnancov diplomová práca

Uložené v:
Podrobná bibliografia
Hlavný autor: Kotásková, Monika
Korporativný autor: Fakulta podnikového manažmentu EU. Katedra manažmentu
Ďalší autori: Broniš, Peter
Médium: Kniha
Jazyk:Slovak
Vydavateľské údaje: Bratislava 2010
Tagy: Pridať tag
Žiadne tagy, Buďte prvý, kto otaguje tento záznam!

MARC

LEADER 00000nam a2200000 4500
001 0119782
005 20240318123558.9
041 0 |a slo 
044 |a SK 
245 1 0 |a Štýl vedenia ľudí v pracovnej skupine, spokojnosť a výkonnosť zamestnancov  |b diplomová práca  |c Monika Kotásková ; škol. Peter Broniš 
264 1 |a Bratislava  |c 2010 
100 1 |a Kotásková, Monika 
700 1 |a Broniš, Peter 
710 2 |a Fakulta podnikového manažmentu EU. Katedra manažmentu